| 000 | 00943nam a2200313 a 4500 | ||
|---|---|---|---|
| 001 | 20596 | ||
| 003 | VRT | ||
| 005 | 20260127105628.0 | ||
| 008 | 250414s1993 xo 0 slo | ||
| 015 | _aSNBA1994/06 | ||
| 020 | _a8088684013 | ||
| 035 | _aSNK000018054 | ||
| 039 | 9 |
_a202504141143 _bVLOAD _c202403181543 _dVLOAD _c201603181425 _dVLOAD _c201306061434 _dVLOAD |
|
| 040 |
_aSNK _bslo _cSNK _eAACR2 |
||
| 041 | 0 | _aslo | |
| 044 |
_axo _cSK |
||
| 080 |
_a22(087.5) _21981 |
||
| 100 | 1 |
_aMayer, L. _4aut |
|
| 245 | 1 | 0 |
_aMoja prvá Biblia _cL. Mayer, R. Mazal ; Prel. T. Oravec ; Ilustr. R. Mazal |
| 260 |
_aBratislava _bH+R _c1993 |
||
| 300 |
_a[19] s. _c24 cm |
||
| 700 | 1 |
_aMazal, R. _4aut |
|
| 700 | 1 |
_aOravec, T. _4trl |
|
| 700 | 1 |
_aMazal, R. _4ill |
|
| 942 |
_2ddc _cKLDE _n0 |
||
| 949 |
_617A0245260 _9P60, <04>, [BOOK], {604} _asnkSC 85881 D1 |
||
| 999 |
_c20596 _d20596 |
||